[Event "Petroff Mem Open"]
[Site "St Petersburg RUS"]
[Date "2000.02.13"]
[Round "6"]
[White "Belozerov,A"]
[Black "Kokorev,D"]
[Result "0-1"]
[WhiteElo "2487"]
[BlackElo "2370"]

1.c4 g6 2.d4 Bg7 3.e4 d6 4.Nc3 Nf6 5.Be2 O-O 6.Nf3 e5 7.d5 Na6 8.Bg5 h6 9.Bh4 g5
10.Bg3 Nh5 11.h4 Nxg3 12.fxg3 gxh4 13.Nxh4 Qg5 14.g4 Bf6 15.Qd2 Qxd2+ 16.Kxd2 Bg5+
17.Kc2 Nb4+ 18.Kb3 a5 19.Nf5 Bxf5 20.gxf5 Na6 21.Bd3 Kg7 22.Rh3 Rg8 23.Rb1 Kf6
24.Be2 Ke7 25.Bf3 c6 26.Rd1 Nc5+ 27.Kc2 a4 28.Rhh1 Ra6 29.Rb1 Rb6 30.b4 axb3+
31.axb3 Na6 32.Na2 c5 33.Ra1 Be3 34.g4 Ra8 35.Be2 Bd4 36.f6+ Kd7 37.Rab1 Be3
38.Kd3 Bg5 39.Bd1 Nb4+ 40.Nxb4 cxb4 41.Rb2 Ra1 42.Rbh2 Rba6 43.Bc2 Rxh1 44.Rxh1 Ra2
45.Rf1 b6 46.Rh1 Ke8 47.Rf1 Kf8 48.Rh1 Kg8 49.Rf1 Kh7 50.Rh1 Kg6 51.Rf1 Bf4
52.Rh1 Kxf6 53.Rf1 Kg5 54.Rg1 Kh4 55.Rg2 Kh3 56.Re2 Kxg4 57.Bd1 Rxe2 58.Bxe2+ Kg5
59.Bf3 f5 60.exf5 Kxf5 61.Be4+ Kg4 62.Ke2 Bg5 63.Bh1 Kf4 64.Kd3 h5 65.Be4 h4
66.Bg2 Kg3 67.Be4 h3 68.Ke2 Kf4 69.Kd3 Bh6 70.Bg6 Kf3 71.Be4+ Kf2  0-1

[Event "Petroff Mem Open"]
[Site "St Petersburg RUS"]
[Date "2000.02.13"]
[Round "6"]
[White "Lastin,A"]
[Black "Ragozin,E"]
[Result "1/2-1/2"]
[WhiteElo "2510"]
[BlackElo "2475"]

1.d4 Nf6 2.Nf3 g6 3.c4 Bg7 4.Nc3 O-O 5.e4 d6 6.Be2 Na6 7.O-O e5 8.Be3 Ng4
9.Bg5 Qe8 10.dxe5 dxe5 11.h3 h6 12.Bc1 Nf6 13.Be3 b6 14.a3 Nc5 15.Qc2 Bb7
16.Bxc5 bxc5 17.Nd5 Qb8 18.Nd2 Ba6 19.b4 cxb4 20.axb4 Bb7 21.Nb3 Bxd5 22.cxd5 Qxb4
23.Nc5 Qb8 24.Ba6 Qd8 25.Bb7 Rb8 26.Rxa7 Qd6 27.Rb1 h5 28.Na6 Qa3 29.Qb2 Qxb2
30.Rxb2 Nxe4 31.Nxb8 Rxb8 32.Rc2 Nd6 33.Ra8 Rxa8 34.Bxa8 e4 35.Rxc7 Bd4 36.Kf1 Kg7
37.Rc6 Be5 38.Ra6 h4 39.Bc6 Kf6 40.Ke2 Bf4 41.Ra7 Ke5 42.Be8  1/2-1/2

[Event "Petroff Mem Open"]
[Site "St Petersburg RUS"]
[Date "2000.02.15"]
[Round "8"]
[White "Kachar,V"]
[Black "Lukashok,A"]
[Result "0-1"]
[WhiteElo "2383"]
[BlackElo "2276"]

1.d4 Nf6 2.c4 g6 3.Nc3 Bg7 4.e4 d6 5.Nf3 O-O 6.Be2 e5 7.Be3 exd4 8.Nxd4 Re8
9.f3 Nc6 10.Qd2 Nh5 11.O-O Nf4 12.Bxf4 Nxd4 13.Bd3 Be6 14.Bg5 f6 15.Bh4 Qd7
16.Rad1 a6 17.Rfe1 b5 18.Nd5 Qf7 19.b3 c6 20.Ne3 f5 21.exf5 gxf5 22.f4 Ra7
23.Qf2 Rd7 24.Bf1 Qg6 25.Kh1 Bf7 26.Bd3 Qh5 27.h3 Rxe3 28.Qxe3 Qxh4 29.Bf1 Nc2  0-1

[Event "Petroff Mem Open"]
[Site "St Petersburg RUS"]
[Date "2000.02.15"]
[Round "8"]
[White "Kazakov,V"]
[Black "Manakov,I"]
[Result "0-1"]
[WhiteElo "2102"]
[BlackElo "2279"]

1.d4 Nf6 2.c4 g6 3.Nc3 Bg7 4.e4 d6 5.Nf3 O-O 6.Be2 e5 7.dxe5 dxe5 8.Qxd8 Rxd8
9.Bg5 c6 10.Nxe5 Re8 11.Bf4 Na6 12.f3 Nb4 13.Kf2 Nh5 14.Nxf7 Nxf4 15.Nd6 Bd4+
16.Kf1 Rd8 17.Nxc8 Raxc8 18.Nd1 Nbd3 19.Bxd3 Nxd3 20.Ke2 Nf4+ 21.Kf1 b5 22.g3 Nd3
23.cxb5 cxb5 24.Kg2 Rc2+ 25.Kh3 Nxb2 26.Rb1 b4 27.Nxb2 Bxb2 28.Rhd1 Rxd1
29.Rxd1 Rc7 30.Kg4 a5 31.Kg5 Kg7 32.f4 a4 33.e5 b3 34.e6 Bf6+ 35.Kg4 bxa2  0-1

[Event "It"]
[Site "Ptuj SLO"]
[Date "2000.02.16"]
[Round "6"]
[White "Zheliandinov,V"]
[Black "Mohr,G"]
[Result "0-1"]
[WhiteElo "2411"]
[BlackElo "2488"]

1.d4 Nf6 2.c4 g6 3.Nc3 Bg7 4.e4 d6 5.Be2 O-O 6.Nf3 e5 7.O-O Nbd7 8.Qc2 c6
9.Rd1 Qe7 10.Rb1 a5 11.dxe5 dxe5 12.Na4 Re8 13.b3 h6 14.h3 Nh7 15.Be3 Nhf8
16.Qd2 h5 17.Qd6 Qxd6 18.Rxd6 Ne6 19.Rbd1 Nf6 20.Nb6 Rb8 21.Bd3 Bf8 22.c5 Bxd6
23.cxd6 Nf8 24.Ng5 N8d7 25.Bc4 Rf8 26.f4 exf4 27.Bd4 Nxb6 28.Bxb6 Nd7 29.Bxa5 Ra8
30.Bd2 b5 31.Bf1 Rxa2 32.Bxf4 f6 33.Nf3 Re8 34.e5 fxe5 35.Bg5 Rb2 36.Bd3 e4  0-1

[Event "Petroff Mem Open"]
[Site "St Petersburg RUS"]
[Date "2000.02.16"]
[Round "9"]
[White "Lunev,A"]
[Black "Salinnikov,D"]
[Result "1/2-1/2"]
[WhiteElo "2491"]
[BlackElo "2403"]

1.Nf3 Nf6 2.c4 g6 3.Nc3 Bg7 4.d4 O-O 5.e4 d6 6.Be2 e5 7.O-O Nh5 8.Re1 Nf4
9.Bf1 Bg4 10.d5 f5 11.h3 Bh5 12.exf5 gxf5 13.g3 Ng6 14.Be2 Bxf3 15.Bxf3 Nd7
16.Bg2 a5 17.Rb1 Nc5 18.Na4 Nd7 19.Nc3 b6 20.Rf1 Nc5 21.Be3 Qf6 22.Nb5 Rf7
23.Qh5 Qe7 24.b3 Raf8 25.Na7 Nd3 26.Nc6 Qe8 27.Qe2 e4 28.f4 exf3 29.Bxf3 Nde5
30.Bd2 f4 31.g4 Nh4 32.Nxe5 Bxe5 33.Qf2 Qe7 34.Rbe1 Qf6 35.Re4 Rg7 36.Kh1 h5
37.gxh5 Nf5 38.Bg4 Ng3+ 39.Qxg3 fxg3 40.Rxf6 Rxf6 41.Be3 Rf1+ 42.Kg2 Ra1
43.Bf4 Bxf4 44.Rxf4 Rxa2+ 45.Kxg3 Ra3 46.Kh4 Rxb3 47.Be6+ Kh7 48.Rf8 Re7  1/2-1/2

[Event "Petroff Mem Open"]
[Site "St Petersburg RUS"]
[Date "2000.02.16"]
[Round "9"]
[White "Pavlov,Al"]
[Black "Kalashnikov,K"]
[Result "0-1"]
[WhiteElo "2311"]
[BlackElo "2403"]

1.d4 Nf6 2.c4 g6 3.Nc3 Bg7 4.e4 O-O 5.Nf3 d6 6.Be2 e5 7.O-O Nbd7 8.Qc2 c6
9.Rd1 Qc7 10.Rb1 a5 11.d5 Nc5 12.dxc6 bxc6 13.Be3 Re8 14.h3 Bf8 15.b3 Rb8
16.a3 Na6 17.Bg5 Nh5 18.Qd2 Ng7 19.Na4 Ne6 20.Bf6 Nac5 21.Nxc5 Nxc5 22.Qc2 Ne6
23.b4 axb4 24.axb4 c5 25.b5 Be7 26.Bxe7 Qxe7 27.Ra1 Bb7 28.Ra3 Nd4 29.Qd3 f5
30.Nd2 Qh4 31.exf5 e4 32.Qe3 Nxf5 33.Qc3 e3 34.fxe3 Rxe3 35.Qxe3 Nxe3 36.Rxe3 Qg5
37.Rf3 Bxf3 38.Bxf3 Kg7 39.Kh1 Qe5 40.Nb3 Qc3 41.Nd2 Qb2 42.Ne4 Ra8 43.Rxd6 Ra1+
44.Kh2 Qe5+ 45.g3 Ra2+ 46.Kg1 Qb2 47.Nd2 Qc1+ 48.Nf1 Qe1  0-1

[Event "Masters KO"]
[Site "Cannes FRA"]
[Date "2000.02.19"]
[Round "1.2"]
[White "Chabanon,JL"]
[Black "Relange,E"]
[Result "1-0"]
[WhiteElo "2440"]
[BlackElo "2485"]

1.Nf3 Nf6 2.d4 g6 3.c4 Bg7 4.Nc3 O-O 5.e4 d6 6.Be2 e5 7.dxe5 dxe5 8.Qxd8 Rxd8
9.Bg5 Re8 10.Nd5 Nxd5 11.cxd5 c6 12.Bc4 cxd5 13.Bxd5 Nd7 14.Ke2 Nf6 15.Bxf6 Bxf6
16.Rac1 Bd8 17.Rhd1 Kg7 18.Rc2 Re7 19.Bxf7 Bb6 20.Bd5 Bd7 21.b3 Rf8 22.a4 Be8
23.Kf1 h6 24.Ne1 Bd4 25.Nf3 Bb6 26.Ne1 Rf6 27.Rd3 g5 28.h3 h5 29.Rg3 Kh6
30.Rf3 Rf4 31.g3 Rxf3 32.Nxf3 h4 33.gxh4 gxh4 34.Nxh4 Kg5 35.Nf5 Rd7 36.Rc8 Bh5
37.Rg8+ Kf6 38.Rh8 Kg5 39.h4+ Kg4 40.Rg8+ Kf3 41.Rg3+ Kf4 42.Ng7 Bf7 43.Bxf7 Bxf2
44.Nh5+ Kxe4 45.Bg6+  1-0

[Event "16th open"]
[Site "Cappelle La Grande FRA"]
[Date "2000.02.20"]
[Round "2"]
[White "Koerholz,L"]
[Black "Bae,T"]
[Result "1-0"]
[WhiteElo "2395"]
[BlackElo "2218"]

1.c4 Nf6 2.Nf3 g6 3.Nc3 Bg7 4.e4 d6 5.d4 O-O 6.Be2 e5 7.O-O Nh5 8.Re1 Bg4
9.Bg5 f6 10.Be3 Nc6 11.d5 Ne7 12.h3 Bd7 13.c5 f5 14.cxd6 cxd6 15.Ng5 Nf6
16.Qb3 h6 17.Ne6 Bxe6 18.dxe6 fxe4 19.Rad1 d5 20.Bc5 Re8 21.Bb5 Qc7 22.Bxe7 Rxe7
23.Nxd5 Nxd5 24.Qxd5 Rf8 25.Rxe4 Qb6 26.Re2 Kh7 27.Bc4 Rf4 28.b3 Bf6 29.Rdd2 Qb4
30.g3 Rf5 31.a4 h5 32.Qe4 h4 33.Rd7 hxg3 34.fxg3 Qc3 35.Qe3 Qa1+ 36.Re1 Qb2
37.Bd3 Rg5 38.g4 e4 39.Qxe4  1-0

[Event "8th Valle d'Aosta Open"]
[Site "Saint Vincent ITA"]
[Date "2000.02.20"]
[Round "9"]
[White "Olarasu,G"]
[Black "Belotti,B"]
[Result "1/2-1/2"]
[WhiteElo "2321"]
[BlackElo "2424"]

1.d4 Nf6 2.c4 g6 3.Nc3 Bg7 4.e4 d6 5.Nf3 O-O 6.Be2 e5 7.d5 Nbd7 8.Bg5 h6
9.Bh4 g5 10.Bg3 Nh5 11.h4 g4 12.Nh2 Nxg3 13.fxg3 h5 14.O-O Bh6 15.Bd3 Nf6
16.Qe2 Ne8 17.Rf2 Ng7 18.Raf1 f6 19.Nd1 Bd7 20.Ne3 Qe7 21.Re1 Rf7 22.Nhf1 Raf8
23.Qc2 a5  1/2-1/2

[Event "Jersey Open"]
[Site "St Helier JCI"]
[Date "2000.02.20"]
[Round "1"]
[White "Hillarp Persson,T"]
[Black "Ebner,Joh"]
[Result "1-0"]
[WhiteElo "2548"]
[BlackElo "2086"]

1.d4 Nf6 2.c4 g6 3.Nc3 Bg7 4.e4 d6 5.Be2 O-O 6.Nf3 Nbd7 7.O-O e5 8.Be3 Ng4
9.Bg5 f6 10.Bc1 Nh6 11.dxe5 Nxe5 12.Nxe5 dxe5 13.Qxd8 Rxd8 14.Nd5 c6 15.Nc7 Rb8
16.Be3 b6 17.Rfd1 Bd7 18.c5 b5 19.a4 Rbc8 20.axb5 Rxc7 21.bxc6 Nf7 22.Rxd7  1-0

[Event "16th open"]
[Site "Cappelle La Grande FRA"]
[Date "2000.02.21"]
[Round "4"]
[White "Ionov,S"]
[Black "Szelag,M"]
[Result "1/2-1/2"]
[WhiteElo "2558"]
[BlackElo "2392"]

1.d4 Nf6 2.c4 g6 3.Nc3 Bg7 4.e4 d6 5.Nf3 O-O 6.Be2 Na6 7.O-O e5 8.Re1 c6
9.Bf1 Bg4 10.d5 c5 11.a3 Kh8 12.h3 Bd7 13.Bg5 Qb8 14.Rb1 Ng8 15.b4 Qe8 16.Nb5 f6
17.Be3 Qe7 18.Nc3 b6 19.bxc5 Nxc5 20.Bxc5 dxc5 21.Bd3 Nh6 22.Bc2 Nf7 23.Ba4 Nd6
24.Bxd7 Qxd7 25.Qd3 Rfb8 26.Rb3 Rb7 27.Kh2 Rab8 28.a4 a6 29.g3 Kg8 30.Kg2 Bf8
31.Re2 Bh6 32.Nh2 Rc8 33.Reb2 Rcb8 34.Rb1 Qe7 35.Qe2 Qd7 36.h4 Bg7 37.h5 gxh5
38.Nf3 Qg4 39.Rh1 Rf8 40.Rh4 Qg6 41.Rh1 Qg4 42.Rh4 Qg6 43.Rh1  1/2-1/2

[Event "16th open"]
[Site "Cappelle La Grande FRA"]
[Date "2000.02.21"]
[Round "4"]
[White "Pushkov,N"]
[Black "Verspecht,T"]
[Result "1-0"]
[WhiteElo "2543"]
[BlackElo "2216"]

1.d4 Nf6 2.Nf3 d6 3.c4 g6 4.Nc3 Bg7 5.e4 O-O 6.Be2 e5 7.Be3 Ng4 8.Bg5 f6
9.Bh4 h5 10.h3 Nh6 11.dxe5 dxe5 12.Qxd8 Rxd8 13.Nd5 g5 14.Nxg5 fxg5 15.Bxg5 Rxd5
16.cxd5 c6 17.Rc1 Nf7 18.Be7 Bh6 19.Rc3 h4 20.Bxh4 Nd6 21.f3 Bd7 22.Be7 Nc8
23.Bf6 Bg7 24.Bxg7 Kxg7 25.f4 Kf6 26.O-O Nd6 27.Bd3 cxd5 28.exd5 e4 29.Be2 Be8
30.g4 Nd7 31.g5+ Ke7 32.f5 Bf7 33.f6+ Kf8 34.h4 Re8 35.Rc7 Nb6 36.Kh2 Re5
37.Rg1 Nxd5 38.Rd7 Nf5 39.g6 Be8 40.g7+  1-0

[Event "Open"]
[Site "Cannes FRA"]
[Date "2000.02.22"]
[Round "3"]
[White "Henrichsen,J"]
[Black "Jelic,N"]
[Result "1/2-1/2"]
[WhiteElo "2067"]
[BlackElo "2118"]

1.d4 Nf6 2.c4 g6 3.Nc3 Bg7 4.e4 d6 5.Be2 Nbd7 6.Nf3 e5 7.O-O O-O 8.Qc2 c6
9.Rd1 Qc7 10.Rb1 exd4 11.Nxd4 Nc5 12.b4 Ne6 13.Be3 a5 14.bxa5 Nxd4 15.Bxd4 Qxa5
16.Bb6 Qe5 17.Bd4 Qa5 18.Bb6 Qe5 19.Bd4  1/2-1/2

[Event "16th open"]
[Site "Cappelle La Grande FRA"]
[Date "2000.02.22"]
[Round "5"]
[White "Naumkin,I"]
[Black "Goldenberg,D"]
[Result "0-1"]
[WhiteElo "2498"]
[BlackElo "2244"]

1.d4 Nf6 2.Nf3 g6 3.c4 Bg7 4.Nc3 O-O 5.e4 d6 6.Be2 e5 7.d5 a5 8.Bg5 Na6 9.O-O h6
10.Bh4 Qe8 11.Nd2 Nh7 12.a3 h5 13.f3 Bh6 14.b4 Bd7 15.Rb1 axb4 16.axb4 Be3+
17.Kh1 f5 18.exf5 Bxf5 19.Rb3 g5 20.Be1 Qg6 21.Nce4 Bd4 22.Bd3 Kh8 23.Qe2 Nf6
24.Nxf6 Rxf6 25.Ne4 Rff8 26.Bd2 g4 27.Bb1 c5 28.bxc5 Nxc5 29.Nxc5 dxc5 30.Rxb7 Bxb1
31.Rbxb1 gxf3 32.gxf3 Rg8 33.f4 exf4 34.d6 Ra2 35.Rbe1 f3 36.Qxf3 Rxd2 37.d7 Rd3
38.Qd5 Bc3 39.Re6 Rxd5 40.Rxg6 Rxg6 41.cxd5 Rg8 42.Rf7 Rd8 43.Re7 Bf6 44.d6 Kg8
45.Kg2 c4 46.Kf3 Kf8 47.Rh7 Bg7 48.Rxh5 Rxd7 49.Rc5 c3  0-1

[Event "ch-Serbia"]
[Site "Kragujevac YUG"]
[Date "2000.02.23"]
[Round "5"]
[White "Trajkovic,P"]
[Black "Lazic,D"]
[Result "1/2-1/2"]
[WhiteElo "2280"]
[BlackElo "2286"]

1.d4 Nf6 2.c4 g6 3.Nc3 Bg7 4.e4 d6 5.Nf3 O-O 6.Be2 e5 7.O-O Nbd7 8.Re1 c6
9.Bf1 exd4 10.Nxd4 Re8 11.Nc2 Qc7 12.Bf4 Ne5 13.Qd2 Be6 14.b3 Rad8 15.f3 Qa5
16.Nd4 Bc8 17.Rad1 Nfd7 18.Kh1 Nc5 19.Bg5 f6 20.Be3 Ne6 21.Nde2 f5 22.exf5 gxf5
23.Na4 Qxd2 24.Rxd2 b6 25.Red1 Nf7 26.Bf2 Bh6 27.Rd3 Nf4 28.Nxf4 Bxf4 29.g3 Be5
30.f4 Bf6 31.Bg2 Re2 32.R3d2 Rxd2 33.Rxd2 Bd7 34.Nb2 Re8 35.Nd1 Kg7 36.Bf3 Kg6
37.Kg2 Re7 38.Ne3 h5 39.h3 Re8 40.Nc2 Re7 41.Rd1 Re8 42.Rd3 Rc8 43.Ne3 Re8
44.Rd2 Bc3 45.Rd1 Bg7 46.Kf1 Bf6 47.Be2 c5 48.Nd5 Bd8 49.Bd3 Nh6 50.Bc2 Kg7
51.Ne3 Be7 52.Rd2 Be6 53.Bd1 Bf7 54.Bf3 Kg6 55.Re2 Bf6 56.Rd2 Rd8 57.Nc2 Ng8
58.Ne3 Bd4 59.Ng2 Bxf2 60.Kxf2 Ne7 61.Ne3 Be8 62.Re2 Bd7 63.Nd1 Ng8 64.Nc3 Nf6
65.Bd5 Re8 66.Rxe8 Bxe8 67.Bf3 Bd7 68.Nd1 b5 69.Ne3 b4 70.Nd5 Nxd5 71.Bxd5 Bc8  1/2-1/2

[Event "16th open"]
[Site "Cappelle La Grande FRA"]
[Date "2000.02.24"]
[Round "7"]
[White "Handke,F"]
[Black "Atalik,S"]
[Result "0-1"]
[WhiteElo "2413"]
[BlackElo "2575"]

1.d4 Nf6 2.c4 g6 3.Nc3 Bg7 4.e4 d6 5.Nf3 O-O 6.Be2 c6 7.O-O e5 8.Be3 exd4
9.Nxd4 Re8 10.f3 d5 11.cxd5 Nxd5 12.Nxd5 cxd5 13.Rc1 a6 14.Qb3 dxe4 15.fxe4 Rf8
16.Rxf7 Rxf7 17.Rf1 Bf6 18.e5 Kg7 19.Ne6+ Bxe6 20.Qxe6 Nd7 21.exf6+ Nxf6
22.Bh6+ Kxh6 23.Qxf7 Qd4+ 24.Kh1 Re8 25.Bc4 Rc8 26.b3 b5 27.Bxb5 axb5 28.Rxf6 Qxf6  0-1

[Event "16th open"]
[Site "Cappelle La Grande FRA"]
[Date "2000.02.24"]
[Round "7"]
[White "Grooten,H"]
[Black "Scalcione,M"]
[Result "1-0"]
[WhiteElo "2393"]
[BlackElo "2183"]

1.d4 Nf6 2.c4 g6 3.Nc3 Bg7 4.e4 d6 5.Nf3 O-O 6.Be2 e5 7.Be3 Nc6 8.d5 Ne7
9.Nd2 Ne8 10.b4 f5 11.f3 Kh8 12.h4 f4 13.Bf2 Nf6 14.c5 Nh5 15.Nc4 Ng3 16.Rh2 Bd7
17.a4 Nc8 18.Na5 Rb8 19.Bc4 Be8 20.Ne2 Nh5 21.Qd2 Rg8 22.Bb5 Bf7 23.Ba6 c6
24.Nxb7 Qc7 25.dxc6 dxc5 26.b5 c4 27.a5 Rxb7 28.Bxb7 Nd6 29.b6 axb6 30.axb6 Qe7
31.Qb4 Qe6 32.Ba6  1-0

[Event "Metalis Open"]
[Site "Bizovac CRO"]
[Date "2000.02.26"]
[Round "5"]
[White "Kozul,Z"]
[Black "Njirjak,J"]
[Result "1-0"]
[WhiteElo "2597"]
[BlackElo "2291"]

1.d4 Nf6 2.Nf3 g6 3.c4 Bg7 4.Nc3 O-O 5.e4 d6 6.Be2 e5 7.O-O Nbd7 8.Qc2 c6
9.Rd1 Qe7 10.d5 c5 11.Rb1 Ne8 12.Bd3 f6 13.a3 Rf7 14.b4 Qf8 15.Na4 Bh6 16.bxc5 Nxc5
17.Nxc5 dxc5 18.h3 Nd6 19.a4 Bxc1 20.Rdxc1 Qh6 21.Re1 Bd7 22.a5 Re8 23.Qb2 g5
24.Nh2 Rg7 25.Qd2 Qg6 26.Re3 f5 27.exf5 Bxf5 28.Bxf5 Qxf5 29.Ree1 Rf8 30.Ng4 Qf4
31.Qxf4 exf4 32.Re6 Nxc4 33.Nf6+ Kh8 34.d6 Nxa5 35.d7 Rgf7 36.Rd1 Nc6 37.Rxc6 bxc6
38.d8=Q Rxd8 39.Rxd8+ Kg7 40.Ne4 Re7 41.f3 c4 42.Rd4  1-0

[Event "ch-Serbia"]
[Site "Kragujevac YUG"]
[Date "2000.02.26"]
[Round "8"]
[White "Zivanic,M"]
[Black "Popovic,Du"]
[Result "1/2-1/2"]
[WhiteElo "2317"]
[BlackElo "2254"]

1.d4 Nf6 2.Nf3 g6 3.c4 Bg7 4.Nc3 d6 5.e4 O-O 6.Be2 e5 7.Be3 Ng4 8.Bg5 f6
9.Bh4 g5 10.Bg3 Nh6 11.d5 f5 12.exf5 Nxf5 13.Ne4 h6 14.Nfd2 c6 15.O-O Na6
16.Nb3 Nc7 17.Nc3 a5 18.Bf3 c5 19.Nd2 Bd7 20.Be4 Rb8 21.Qc2 b5 22.Qd3 b4
23.Nd1 a4 24.Ne3 Nd4 25.Nf3 Nxf3+ 26.Bxf3 Ne8 27.Be4 Nf6 28.Bg6 Ng4 29.h3 Nxe3
30.fxe3 Qe7 31.Qe4 Rxf1+ 32.Rxf1 Rf8 33.Bf5 Kh8 34.Bxd7 Rxf1+ 35.Kxf1 Qxd7
36.Qg6 Kg8 37.Ke2 Qe7 38.e4 Qd7 39.Bf2 Kf8 40.Be3 Qe7 41.Qf5+ Kg8 42.Qc8+ Bf8
43.h4 Qf6 44.hxg5 hxg5 45.Qe8 Qh6 46.Kd2 Qf6 47.Qh5 Be7 48.Ke2 Kg7 49.Qe8 Qf7
50.Qd7 Qh5+ 51.Kd2 Kf8 52.Qf5+ Kg7 53.Qd7 Kf8 54.Qc8+ Kf7 55.a3 b3 56.Qf5+ Kg7
57.Qd7 Kf8 58.Qxa4 Qg4 59.Qxb3 Qxe4 60.Qc2 Qxg2+ 61.Kc3 Qh3 62.Qe4 Qf1 63.Qg6 Qf3
64.Kd2 e4 65.Qe6 Qg2+ 66.Kc3 Qf3 67.Kd2 Qg2+  1/2-1/2

[Event "Metalis Open"]
[Site "Bizovac CRO"]
[Date "2000.02.27"]
[Round "7"]
[White "Franic,M"]
[Black "Jovanovic,Zo2"]
[Result "1/2-1/2"]
[WhiteElo "2386"]
[BlackElo "2324"]

1.d4 Nf6 2.c4 g6 3.Nc3 Bg7 4.e4 d6 5.Be2 O-O 6.Nf3 e5 7.O-O exd4 8.Nxd4 Re8
9.f3 Nc6 10.Nxc6 bxc6 11.Bg5 h6 12.Bh4 g5 13.Bf2 c5 14.Qc2 Bb7 15.Rad1 Nd7
16.Rfe1 Qf6 17.Rd2 Ne5 18.Qd1 Bc6 19.Bf1 Rab8 20.Rc2 Rb4 21.b3 a5 22.Nd5 Bxd5
23.exd5 a4 24.Rce2 axb3 25.axb3 Reb8 26.Re3 R4b7 27.Qc2 Ra8 28.Bd3 Rba7 29.Qd2 Nxd3
30.Qxd3 Ra1 31.g3 Rxe1+ 32.Rxe1 Ra1 33.Kg2 Rxe1 34.Bxe1 Qb2+ 35.Bd2 Bd4 36.Kh3 Qa1
37.Kg4 Qd1  1/2-1/2

[Event "NED-chT"]
[Site "Hengelo NED"]
[Date "2000.02.27"]
[Round "4"]
[White "Van Kooten,L"]
[Black "Gelpke,P"]
[Result "1/2-1/2"]
[WhiteElo "2325"]
[BlackElo "2379"]

1.d4 Nf6 2.c4 g6 3.Nc3 Bg7 4.e4 d6 5.Be2 Nbd7 6.Nf3 e5 7.O-O O-O 8.Re1 c6
9.Bf1 a5 10.Rb1 exd4 11.Nxd4 Re8 12.f3 Nf8 13.Be3 Nh5 14.Qd2 g5 15.Nf5 Bxf5
16.exf5 h6 17.Rbd1 Be5 18.Ne4 Qc7 19.g4 d5 20.cxd5 cxd5 21.gxh5 dxe4 22.fxe4 Nh7
23.Qg2 Kh8 24.Rc1 Qe7 25.b3 Rg8 26.Kh1 Nf6 27.Bc5 Qe8 28.a4 Kh7 29.Bb5 Qb8
30.Bc4 Rg7 31.Be7 Nxh5 32.f6 Bxf6 33.Bxf6 Nxf6 34.e5 Nh5 35.Bd3+ Kg8 36.Bf5 Nf4
37.Qe4 Ne6 38.Qd5 Qe8 39.Qxb7 g4 40.Bxe6 fxe6 41.Qe4 Rb8 42.Re3 Qh5 43.Rec3 Qf5
44.Qxf5 exf5 45.Rf1 Rf8 46.Rf4 Rb7 47.Kg2 Kg7 48.Kg3 Rb6 49.Rfc4 Kg6 50.Kf4 Kh5
51.Rc6 Rb4+ 52.R6c4 Rb6  1/2-1/2

[Event "Caissa Open"]
[Site "Kharkov UKR"]
[Date "2000.02.30"]
[Round "6"]
[White "Biriukov,N"]
[Black "Kobylkin,E"]
[Result "1/2-1/2"]
[WhiteElo "2255"]
[BlackElo "2380"]

1.d4 Nf6 2.c4 g6 3.Nc3 Bg7 4.e4 O-O 5.Be2 d6 6.Nf3 e5 7.Be3 Ng4 8.Bg5 f6
9.Bc1 Nc6 10.d5 Ne7 11.Nd2 Nh6 12.b4 a5 13.bxa5 Rxa5 14.Nb3 Ra8 15.O-O f5
16.f3 f4 17.c5 Rf6 18.a4 g5 19.a5 Ng6 20.cxd6 cxd6 21.Na4 Nf7 22.Bd2 g4 23.fxg4 Ng5
24.Nb6 Rb8 25.Ra4 Nh4 26.Be1 Rh6 27.Nd2 Bd7 28.Nxd7 Qxd7 29.Nf3 Nhxf3+ 30.Bxf3 Nxf3+
31.gxf3 Bf6 32.Ra2 Bd8 33.Qa4 Qe7 34.Rc2 Ra8 35.Qb5 Rg6 36.Kh1 Rg7 37.Bh4 Qf8
38.Bxd8 Rxd8 39.Rfc1 Qf6 40.Rc8 h5 41.gxh5 Kh7 42.Rxd8 Qxd8 43.Qb6 Qg5 44.Qf2 Qxh5
45.Rg1 Rxg1+ 46.Kxg1 Qh3 47.Qe2 Kg7 48.Qd3 Kh6 49.Qa3 Kh7 50.Qb3 Kh6 51.Qc3 Qd7
52.Qe1  1/2-1/2

[Event "Caissa Open"]
[Site "Kharkov UKR"]
[Date "2000.02.31"]
[Round "7"]
[White "Kobylkin,E"]
[Black "Matjushin,G"]
[Result "1/2-1/2"]
[WhiteElo "2380"]
[BlackElo "2275"]

1.d4 Nf6 2.c4 g6 3.Nc3 Bg7 4.e4 d6 5.Nf3 O-O 6.Be2 e5 7.O-O exd4 8.Nxd4 Re8
9.f3 Nc6 10.Be3 Nh5 11.Qd2 Nxd4 12.Bxd4 Nf4 13.Kh1 Qg5 14.g3 Bxd4 15.Qxd4 Nxe2
16.Nxe2 Qe5 17.Qxe5 dxe5 18.Kg2 Be6 19.b3 Rad8  1/2-1/2

[Event "Wah Seong IM"]
[Site "Penang MAS"]
[Date "2000.03.03"]
[Round "7"]
[White "Mok Tze Meng"]
[Black "Lim Chuing Hoong"]
[Result "1-0"]
[WhiteElo "2270"]
[BlackElo "2214"]

1.d4 Nf6 2.c4 g6 3.Nc3 Bg7 4.e4 O-O 5.Nf3 d6 6.Be2 e5 7.dxe5 dxe5 8.Qxd8 Rxd8
9.Bg5 Re8 10.Nd5 Nxd5 11.cxd5 c6 12.Bc4 cxd5 13.Bxd5 Nd7 14.Rc1 Nb6 15.Bb3 Be6
16.Bxe6 Rxe6 17.Ke2 h6 18.Be3 f5 19.Rhd1 f4 20.Bc5 Rc6 21.Bxb6 axb6 22.a3 Rac8
23.Rxc6 Rxc6 24.Ne1 Bf8 25.Rd7 Rc4 26.f3 Bc5 27.Rc7 Ra4 28.Nd3 Bd4 29.Kd2 Ra8
30.Kc2 g5 31.Kb3 h5 32.h3 Re8 33.Rxb7 Re6 34.Rd7 Rg6 35.Rd5 g4 36.hxg4 hxg4
37.fxg4 Rxg4 38.Nxe5 Bxe5 39.Rxe5 Rg3+ 40.Ka2 Rxg2 41.Rf5 Rf2 42.e5 f3 43.e6 Re2
44.Rxf3 Rxe6 45.Kb3 Kg7 46.Kb4 Re5 47.Kc4 Rc5+ 48.Kd4 Rb5 49.b4 Rh5 50.a4 Rh4+
51.Kc3 Rh5 52.Kb3 Rh1 53.Rf4 Rh5 54.Rd4 Kf7 55.Rd6 Ke7 56.Rxb6 Kd7 57.a5 Kc7
58.Rg6 Rh1 59.Ka4 Kb7 60.Rg7+ Kb8 61.a6 Ra1+ 62.Kb5 Rh1 63.Kb6 Rh6+ 64.Ka5 Ka8
65.b5 Rh5 66.Rc7 Rg5 67.Kb6 Rg6+ 68.Rc6 Rg8 69.Rh6 Rc8 70.Ka5 Rc5 71.Kb4 Rg5
72.b6 Rg4+ 73.Kb5 Rg5+ 74.Kc6 Rg8 75.Kd6 Rf8 76.Ke7 Rb8 77.Rd6 Rh8 78.Rd8+ Rxd8
79.Kxd8 Kb8 80.b7 Ka7 81.Kc7 Kxa6 82.b8=Q Ka5 83.Qb3  1-0

[Event "Israeli League"]
[Site "Ramat Aviv ISR"]
[Date "2000.03.03"]
[Round "4"]
[White "Tsesarsky,I"]
[Black "Boim,I"]
[Result "1-0"]
[WhiteElo "2458"]
[BlackElo "2424"]

1.Nf3 Nf6 2.c4 g6 3.Nc3 Bg7 4.e4 d6 5.d4 O-O 6.Be2 e5 7.d5 Nbd7 8.h4 Nc5
9.Nd2 h5 10.b4 Na6 11.Rb1 Ng4 12.c5 f5 13.cxd6 cxd6 14.Nc4 fxe4 15.Nxe4 Bf5
16.Bg5 Qc7 17.Bxg4 Bxe4 18.Be6+ Kh7 19.Rc1 Nxb4 20.O-O Nd3 21.Qe2 Nc5 22.Nxe5 Bxe5
23.Qxe4 Qg7 24.Rxc5 dxc5 25.g4 hxg4 26.h5 Bd4 27.Kg2 Rae8 28.Rh1 Rxf2+ 29.Kg3 Qc7+
30.Kxg4 Kg7 31.Qxg6+ Kf8 32.Qg8+  1-0

[Event "Wah Seong IM"]
[Site "Penang MAS"]
[Date "2000.03.04"]
[Round "8"]
[White "Lim Chuing Hoong"]
[Black "Wynn Zaw Htun"]
[Result "0-1"]
[WhiteElo "2214"]
[BlackElo "2524"]

1.d4 Nf6 2.c4 g6 3.Nc3 Bg7 4.e4 d6 5.Nf3 O-O 6.Be2 e5 7.O-O Na6 8.Be3 Ng4
9.Bg5 Qe8 10.h3 h6 11.Bc1 exd4 12.Nxd4 Nf6 13.Bf3 c6 14.Bf4 Qe7 15.Qd2 Kh7
16.Rad1 Nd7 17.Bg4 Ne5 18.Bxc8 Raxc8 19.b3 Nc5 20.Bg3 Rfe8 21.f4 Ned3 22.Qe3 Nxe4
23.Nxe4 Nc5 24.Ng5+ hxg5 25.Qxe7 Rxe7 26.fxg5 Ne4 27.Be1 Nxg5 28.Bh4 Re4
29.Bxg5 Bxd4+ 30.Kh1 Kg8 31.Bf6 c5 32.Bxd4 cxd4 33.Rf3 d5 34.cxd5 Rd8 35.Rc1 Re7
36.Rc5 Red7 37.Kg1 Rxd5 38.Rxd5 Rxd5 39.Kf2 f5 40.Ke2 Kf7 41.g4 Ke6 42.Kd3 Ke5
43.gxf5 gxf5 44.Rg3 Rc5 45.Kd2 Rc7 46.Rg8 Ke4 47.Re8+ Kf3 48.Kd3 f4 49.Kxd4 Kf2
50.Ke4 f3 51.Rf8 Ke2 52.Re8 Rf7 53.Kd5+ Kd3 54.Ke6 f2 55.Rd8+ Kc3  0-1

[Event "Oz.com qualifier blitz"]
[Site "Internet ICC"]
[Date "2000.03.05"]
[Round "1"]
[White "Edvardsson,K"]
[Black "Silva Sanchez,C"]
[Result "0-1"]
[WhiteElo "2170"]
[BlackElo "2407"]

1.d4 Nf6 2.Nf3 g6 3.c4 Bg7 4.Nc3 O-O 5.e4 d6 6.Be2 Nbd7 7.O-O e5 8.d5 a5
9.Bg5 h6 10.Bh4 g5 11.Bg3 Nh5 12.Nd2 Nf4 13.Bg4 Nc5 14.Nb3 b6 15.Nxc5 bxc5
16.Nb5 Re8 17.f3 h5 18.Bxc8 Qxc8 19.Bf2 Bf6 20.Be3 Kg7 21.Qd2 h4 22.b3 Rh8
23.Rab1 Kg6 24.Qc2 Qd7 25.a3 Kg7 26.Qd2 Kg6 27.Ra1 Rhc8 28.b4 axb4 29.axb4 cxb4
30.Qxb4 Be7 31.Na7 Rcb8 32.Qd2 Rb3 33.Nc6 Re8 34.Bxf4 gxf4 35.Qc2 Rb7 36.c5 Rb5
37.cxd6 Bxd6 38.Kh1 h3 39.gxh3 Qxh3 40.Qe2 Rb3 41.Rg1+ Kf6 42.Raf1 Rh8 43.Qg2 Qxg2+
44.Rxg2 Rh3 45.Rgf2 Bc5 46.Rc2 Bb6 47.Kg2 Rh8 48.Rfc1 Ra3 49.Rc3 Raa8 50.Nb4 Rag8+
51.Kh1 Rh3 52.Rc6+ Kg7 53.Kg2 Rh5 54.d6 Be3 55.Rd1 Kh7+ 56.Kh1 cxd6 57.Rcxd6 Bc5
58.Nc2 Bxd6 59.Rxd6 Rh6 60.Rd7 Rhg6 61.h4 Rg1+  0-1

[Event "Oz.com qualifier blitz"]
[Site "Internet ICC"]
[Date "2000.03.05"]
[Round "1"]
[White "Milovanovic,R"]
[Black "Konings,F"]
[Result "0-1"]
[WhiteElo "2418"]
[BlackElo "2183"]

1.Nf3 Nf6 2.c4 g6 3.Nc3 Bg7 4.e4 d6 5.d4 O-O 6.Be2 e5 7.O-O exd4 8.Nxd4 Re8
9.f3 Nc6 10.Be3 Nh5 11.Qd2 Nxd4 12.Bxd4 Nf4 13.Be3 Nxe2+ 14.Nxe2 Bd7 15.Bd4 Bc6
16.Bxg7 Kxg7 17.Nd4 Qd7 18.Rfe1 Re7 19.Rad1 Rae8 20.Qc3 Kg8 21.b3 f5 22.exf5 gxf5
23.Kf2 f4 24.Qd2 Re3 25.Nxc6 bxc6 26.Qd4 Qf5 27.Rxe3 fxe3+ 28.Kg1 Qc2 29.Qg4+ Kh8
30.Qd4+ Re5 31.Rf1 c5 32.Qf4 Kg7 33.Qg3+ Qg6 34.Qxg6+ Kxg6 35.Re1 c6 36.Kf1 d5
37.cxd5 cxd5 38.Ke2 d4 39.Kd3 Kf5 40.g3 Rd5 41.Rc1 Ke5 42.a3 Kd6 43.h4 a5
44.Rf1 Rf5 45.Ke2 Kd5 46.Rc1 Rf7 47.g4 Rb7 48.Rb1 a4 49.b4 c4 50.b5 Re7 51.b6 d3+
52.Ke1 Rb7 53.g5 Kd4 54.h5 e2 55.Rb5 c3 56.Rb4+ Ke3 57.Re4+ Kxf3  0-1